Music Quiz

Random Music or Song Quiz

50 Hits to Click: 2008 Quiz Stats

Quiz not verified by Sporcle

Challenge
Share
Tweet
Want to play more of these? Just replace the year in the URL with the year you want to play!
Score 0/50 Timer 06:00
2 Plays Today
% Correct
Kissed
93.1%
Viva
91.9%
Boy
88.7%
Planes
85%
Belong
84.8%
Yours
84%
Bow
83.3%
Grow
82.2%
Sunshine
81%
Stand
81%
Bleeding
80.3%
What
80.1%
Miss
78.7%
Touch
78.6%
Stare
77.1%
Better
76%
Chicken
74.9%
Piece
74.2%
No
73.1%
Club
73%
Minutes
71.5%
American
70%
Song
69.7%
See
69.4%
Like
66%
% Correct
Things
66%
Play
60.9%
Shake
57.8%
Lockdown
54.7%
Music
54.7%
Right
54.6%
Longer
54.5%
Dream
53.1%
Seduction
51.4%
Take
50.9%
Me
49.3%
Loose
46.7%
Swagga
44.5%
Beat
44.2%
Sexy
43.8%
Time
43.1%
Somebody
43.1%
Money
39.1%
Shadow
37.6%
New
36.2%
Believe
35.8%
Ayer
33.5%
Name
32.5%
Bust
25.4%
Girl
18.3%

You're not logged in!

Compare scores with friends on all Sporcle quizzes.
Join for Free
OR
Log In

You Might Also Like...

Show Comments

Extras

Top Quizzes Today


Score Distribution

Your Account Isn't Verified!

In order to create a playlist on Sporcle, you need to verify the email address you used during registration. Go to your Sporcle Settings to finish the process.

Report this User

Report this user for behavior that violates our Community Guidelines.

Details: